Clubs de Premier League et Championship (2025-2026) - Statistiques

Statistiques générales
  • Ce quiz a été pris 80 fois
  • Le résultat moyen est 30 sur 44
Statistiques - réponses
% Correct
Premier League Liverpool
98%
Premier League Manchester City
98%
Premier League Manchester United
98%
Premier League Chelsea
97%
Premier League Newcastle
93%
Premier League Tottenham
93%
Premier League Arsenal
92%
Premier League Brighton & Hove
90%
Premier League Everton
90%
Premier League Sunderland
90%
Premier League Nottingham Forest
86%
Premier League Wolverhampton
86%
Premier League Aston Villa
85%
Premier League Leeds United
85%
Premier League West Ham
85%
Premier League Burnley
83%
Premier League Crystal Palace
83%
Championship Southampton
83%
Championship Leicester City
81%
Premier League Brentford
80%
Premier League Fulham
78%
Premier League Bournemouth
76%
Championship Ipswich Town
64%
Championship Norwich
63%
Championship Sheffield United
63%
Championship Swansea City
59%
Championship Birmingham City
58%
Championship Queens Park Rangers
56%
Championship Derby County
54%
Championship Sheffield Wednesday
54%
Championship Coventry City
53%
Championship Blackburn Rovers
51%
Championship Hull City
49%
Championship Watford
47%
Championship Bristol City
46%
Championship Stoke City
42%
Championship West Bromwich Albion
42%
Championship Middlesbrough
37%
Championship Milwall
37%
Championship Portsmouth
37%
Championship Wrexham
32%
Championship Oxford United
31%
Championship Charlton Athletic
29%
Championship Preston North End
24%
Aucun quiz correspondant
Distribution des résultats
% des personnes avec chaque résultat
Percentile par nombre de réponses
Votre historique - résultats
Vous n’avez pas pris ce quiz